DIY Tools by Pictures - Statistics

General Stats
  • This quiz has been taken 1,020 times
    1,017 since last reset
  • The average score is 14 of 20
Answer Stats
Picture Answer % Correct
Claw hammer
100%
Axe
97%
Screwdriver
96%
Drill
95%
Hacksaw
94%
Tape measure
90%
Open-end Wrench
88%
Pliers
82%
Spirit level
78%
Sanding paper
76%
Utility knife
70%
Stepladder
66%
Hex key
64%
Chisel
60%
Vise
57%
Trowel
49%
Jigsaw
46%
Caulking Gun
40%
Soldering iron
36%
Square
33%
No matching quizzes found
Score Distribution
Percent of People with Each Score
Percentile by Number Answered
Your Score History
You have not taken this quiz since the last reset